000 01450nam a2200313 i 4500
003 EG-GICUC
005 20260121101533.0
008 251223s1962 ua ||||fr|||| 00| 0 ara d
040 _a EG-GICUC
_bara
_c EG-GICUC
_d EG-GICUC
_erda
041 0 _aara
082 0 4 _221
_a345.6651
_bك ر . م
092 0 4 _221
099 _aLaw1 07 345.6651 ك ر . م 2 ed - 1962
100 0 _aكرم صادق
_eمؤلف.
245 1 2 _aالمرجع الأول في :
_bالتحصيل والحجز الإداري /
_cكرم صادق.
250 _aالطبعة الثانية مجدد تجديد شاملا
264 3 _aالقاهرة :
_bمطبعة النجالة الجديدة،
_c1962.
300 _a612 ؛ صفحة
_c24 سم.
336 _2rda content
_atext
337 _2rda media
_aComputer
338 _2rda carrier
_aOnline Resource
500 _aشرح تفصيلي لكل مايتعلق بالتحصيل والحجز الإداري فى جميع المصالح الحكومية والمؤسسات العامة يرسى العلاقات المالية بين الدولة والمواطنين على قواعد جديدة بين العدالة الإشتراكية.
546 _aالنص باللغة العربية
650 1 4 _aالاجراءات الإدارية غي القضائية
650 1 4 _aالقانون الإداري
856 4 0 _uhttps://fll.law.cu.edu.eg/fulltext/bks/B07-01515.pdf
905 _a77
942 _2ddc
_cBK
_e21
_n0
999 _c52191
_d52191